000
00305nam a22001217a 4500
008
160523b xxu||||| |||| 00| 0 eng d
020
_a
9780312445744
020
_a
0312445741
041
_a
eng
080
_a
003.2
245
_a
Literature and its writers;
_c
Ann Charters; Samuel Charters;
942
_2
udc
_c
BK
999
_c
2378
_d
2378